A Text Book of Surveying and Levelling (Record no. 169291)

MARC details
000 -LEADER
fixed length control field 00443nam a2200181Ia 4500
008 - FIXED-LENGTH DATA ELEMENTS--GENERAL INFORMATION
fixed length control field 240823s9999||||xx |||||||||||||| ||und||
082 ## - DEWEY DECIMAL CLASSIFICATION NUMBER
-- 625.723 P4
100 ## - MAIN ENTRY--PERSONAL NAME
Personal name Agor R
245 #2 - TITLE STATEMENT
Title A Text Book of Surveying and Levelling
250 ## - EDITION STATEMENT
Edition statement 9th
260 ## - PUBLICATION, DISTRIBUTION, ETC. (IMPRINT)
Date of publication, distribution, etc 2004
Name of publisher, distributor, etc "Khanna Publishders,"
Place of publication, distribution, etc New Delhi
500 ## - GENERAL NOTE
General note TRANSFERED
650 ## - SUBJECT ADDED ENTRY--TOPICAL TERM
Topical term or geographic name as entry element Surveying
942 ## - ADDED ENTRY ELEMENTS (KOHA)
Item type Books
Holdings
Withdrawn status Lost status Damaged status Permanent location Current location Shelving location Date acquired Source of acquisition Cost, normal purchase price Full call number Barcode Date last seen Koha item type
      CENTRAL LIBRARY, NOORUL ISLAM CENTRE FOR HIGHER EDUCATION CENTRAL LIBRARY, NOORUL ISLAM CENTRE FOR HIGHER EDUCATION   02/05/2005 Higginbothams Private Ltd 175.00 625.723 P4 23628 08/23/2024 Books
Visitors:
Copyright © 2024 Central Library NICHE.  All rights reserved.